000 00422nam a2200193Ia 4500
001 13407
003 GE_BSU
008 181216s||||||||xx |||||||||||||| ||und||
040 _cGE_BSU
080 _a330.101.54
100 _aColdberger,Arthur S.
245 _aEconometric Theory
260 _aNew York
260 _bJohn Willey
260 _c1964
300 _a400p.24cm.
653 _aEconometric Theory
942 _cBK
999 _c46568
_d46568